QCM - Maths (Histoire et culture) - Statistiques

Statistiques générales
  • Ce quiz a été pris 249 fois
    240 depuis la dernière actualisation
  • Le résultat moyen est 4 sur 10
Statistiques - réponses
Question Réponse % Correct
Quelle est la valeur de la somme 1+2+3+...+100 ? 5050
86%
Qui a introduit la fonction zêta, notée ζ(s) ? Bernhard Riemann
61%
Qui a introduit le concept de logarithme dans son ouvrage "Mirifici Logarithmorum Canonis Descriptio" publié en 1614 ? John Napier
54%
Le célèbre mathématicien grec Euclide est souvent appelé le "père de la géométrie". Dans quelle œuvre a-t-il présenté ses travaux géométriques ? "Les Éléments"
51%
En quelle année la première calculatrice mécanique, inventée par Blaise Pascal, a-t-elle été construite ? 1642
36%
En quelle année le mathématicien allemand Carl Friedrich Gauss a-t-il découvert la méthode de la sommation des termes d'une suite arithmétique ? 1801
34%
Le mathématicien français Évariste Galois est surtout connu pour ses contributions à la théorie des groupes et pour avoir résolu le problème de la résolubilité des équations polynomiales par radicaux. À quel âge est-il décédé tragiquement ? 20 ans
29%
En quelle année le mathématicien indien Brahmagupta a-t-il introduit le concept du zéro dans ses écrits mathématiques ? 628 après J.-C.
24%
Le mathématicien indien Aryabhata a écrit le traité "Aryabhatiya" au cours duquel siècle ? 4ème siècle
20%
En quelle année l'algorithme RSA, utilisé pour la cryptographie à clé publique, a-t-il été publié par Ron Rivest, Adi Shamir et Leonard Adleman ? 1977
11%
Aucun quiz correspondant
Distribution des résultats
% des personnes avec chaque résultat
Percentile par nombre de réponses
Votre historique - résultats
Vous n’avez pas pris ce quiz depuis la dernière actualisation